Statistics for Guess The Minecraft Mob

Click here to take the quiz!

General Stats

  • This quiz has been taken 17 times
  • The average score is 25 of 30

Answer Stats

HintAnswer% Correct
goes oinkpig
100%
useless flying mob found in cavesbat
93%
land mammal that goes moooooooocow
93%
BOOOOOM!!!!!!!!creeper
93%
final bossender dragon
93%
tall teleporter that steals blocksenderman
93%
most common rideable mobhorse
93%
goes "hop"rabbit
93%
gives you woolsheep
93%
has the biggest nose in townvillager
93%
you can tame it with boneswolf
93%
white flying creature that throws fireballsghast
86%
cat of the jungleocelot
86%
colorful birdparrot
86%
has his own spawner in the strongholdsilverfish
86%
carries a bow and shoots youskeleton
86%
climbs walls and drops stringspider
86%
3 headed angry demonwither
86%
black skeletonwither skeleton
86%
gives you speed in the waterdolphin
79%
eats bamboo and he is very slowpanda
79%
trades you items for goldpiglin
79%
illager with a crossbowpillager
79%
poisonous fishpufferfish
79%
red fishsalmon
79%
throws balls that make you levitateshulker
79%
brown fishcod
64%
might appear when thrown an enderpearl. it's also the biggest enemy of the endermanendermite
64%
tiny flying illager with a tiny swordvex
64%
illager with an axevindicator
57%

Score Distribution

Percentile by Number Answered

Percent of People with Each Score

Your Score History

You have not taken this quiz